01352nam a2200301Ia 450000500170000000800410001702000150005808200170007324500960009025000190018630000270020550000390023265000480027165000380031965000350035765000570039270000360044994200120048526400300049733600270052733700330055433800280058704000350061599900150065095201210066595201320078695201320091820220317000516.0160601s1994 ck a g 000 0 spa  a958330118304a362.29 bS8710aSustancias psicoactivas bhistoria del consumo en Colombia ceditor Augusto Pérez Gómez a2a. edición  a275 páginas c24 cm  aIncluye: Bibliografía y Glosario142LEMBaDrogadicción xHistoria zColombia 142LEMB aNarcotráfico zColombia 142LEMB aDrogas xLegislación 142LEMB aPlantas y alucinógenos xUsos y costumbres 1 aPérez Gómez, Augusto946726 2ddccBK aBogotá bUniandesc1994 atextobtxt2rdacontent asin mediaciónbn2rdamedia avolumenbnc2rdacarrier aCO-BoRNBPbspaerdacCO-BoRNBP c4241d4241 00102ddc4070aMEPRICObMEPRICOd2022-12-09l0o362.29 S87pPR000000213r2022-12-09 00:00:00tEj.1w2022-12-09yBK 00102ddc40708GENaMEMAPIRIbMEMAPIRIcGENd2023-07-12l0o362.29 S87pMAP0000393r2023-07-12 00:00:00tEj.1w2023-07-12yBK 00102lcc40708GENaMEPCONCObMEPCONCOcGENd2026-02-06l0o362.29 S87pPCON00779r2026-02-06 16:16:44tEj.1w2026-02-06yBK